| 000 | 00863nam a2200265Ia 4500 | ||
|---|---|---|---|
| 001 | 21861 | ||
| 005 | 20260320113319.0 | ||
| 008 | 260320s9999||||xx |||||||||||||| ||und|| | ||
| 020 | _a9789871486489 | ||
| 041 | _aESP | ||
| 082 |
_a519.5 _bC268 |
||
| 100 |
_aCourt Monteverde, Eduardo, _eAUT |
||
| 245 | 0 |
_aEstadísticas y econometría financiera _b |
|
| 246 |
_a _5 _b |
||
| 260 |
_aBuenos Aires : _bCengage Learning, _c2011 |
||
| 300 |
_avi, 589 páginas : _bgráficos ; _c27 cm. _e |
||
| 440 |
_a _n _v |
||
| 500 | _aNo tiene portada / Datos extraídos de Worldcat | ||
| 650 | _aTCA | ||
| 653 | _aProbabilidades y matemáticas aplicadas; Matemáticas estadísticas | ||
| 654 | _aCHU | ||
| 700 |
_a _c |
||
| 856 |
_uhttps://ebooks7-24-com.ucsp.lookproxy.com/stage.aspx?il=&pg=&ed= _zVéase además: Base de datos Ebook7-24 |
||
| 942 |
_cLIB _dJUS _fMIP _2ddc _n |
||
| 999 |
_c21861 _d21861 |
||